• 首页
  • 本馆介绍
  • 公告通知
  • 最新文献
  • 馆藏检索
  • 电子资源
  • 读者导购
  • 参考咨询
  • 我的图书馆
  • 登录
  • 详细信息显示
  • 放入我的书架
  • 预约/预借图书
  • 作者相关作品
  • 分类相关作品
  • 丛书相关作品
  • 出版社相关作品

书目信息

  • 表格格式
  • 工作单格式
  • 卡片格式
书名: Ships
作者:
分册号:
分册名:
出版地: [S.l. :
 
出版社: s.n.]
出版时间: 19--?.
页数: 32 p. :
开本: 19 cm.
丛书名: Cassell discovery books
中图分类号:
科图分类号:
其他分类号: H319.4
主题词:
电子资源:
000 00672nam 2200217 a 4500
001 E0731273281
005 20070302151727.18
008 001 0 eng
008 uu
020    @cCNY0.22.
040    @aNLC
049    @aN5LA
090    @a2/U66-49/S55/////////+970201-202/ 2cop.
090    @aH319.4
096    @aU66-49 @v2
099    @dH319.4@ex139
245 00 @aShips :@bearly man dug out logs, pirates had sailing ships :@bnow we have hovercraft .
260    @a[S.l. :@bs.n.],@c19--?.
300    @a32 p. :@bill. ;@c19 cm.
440  0 @aCassell discovery books @b00 @c20020930 @lNLC09 @h2246 @lNLC09 @h2259 @lNLC09 @h1850
852 9  @bWWJC @cJ08S @k2 @hU66-49 @iS55
    
    Ships : : early man dug out logs, pirates had sailing ships : : now we have hovercraft .-[S.l. : : s.n.], , 19--?.
    32 p. : : ill. ; ; 19 cm.- (Cassell discovery books 00 20020930 NLC09 2246 NLC09 2259 NLC09 1850 )
    
    
    ISBN CNY0.22.
    
●
相关链接 在E读中查询图书 在五车中查询图书 在当当中查询图书 在豆瓣中查询图书


正题名:Ships     索取号:H319.4/x139         预约/预借

序号 登录号 条形码 馆藏地/架位号 状态 备注
1 96288   001196011   第四借阅区/ [索取号:H319.4/x139] 在馆    
2 96289   001196137   第四借阅区/ [索取号:H319.4/x139] 在馆    
3 96290   001196146   第四借阅区/ [索取号:H319.4/x139] 在馆    
4 96291   001196100   第四借阅区/ [索取号:H319.4/x139] 在馆    
5 96292   001195977   第四借阅区/ [索取号:H319.4/x139] 在馆    
6 96293   001195897   密集书库/ [索取号:H319.4/x139] 在馆    
7 96294   001195851   密集书库/ [索取号:H319.4/x139] 在馆    
8 96295   001196093   密集书库/ [索取号:H319.4/x139] 在馆    
9 96296   001195986   密集书库/ [索取号:H319.4/x139] 在馆    
10 96297   001196173   密集书库/ [索取号:H319.4/x139] 在馆    
11 96298   001196164   密集书库/ [索取号:H319.4/x139] 在馆    
12 96299   001196645   密集书库/ [索取号:H319.4/x139] 在馆    
13 96300   001196155   密集书库/ [索取号:H319.4/x139] 在馆    
14 96301   001195940   密集书库/ [索取号:H319.4/x139] 在馆    
15 96302   001196583   密集书库/ [索取号:H319.4/x139] 在馆    
16 96303   001196592   密集书库/ [索取号:H319.4/x139] 在馆    
17 96304   001196574   密集书库/ [索取号:H319.4/x139] 在馆    
18 96305   001196618   密集书库/ [索取号:H319.4/x139] 在馆    
19 96306   001196627   密集书库/ [索取号:H319.4/x139] 在馆    
20 96307   001196636   密集书库/ [索取号:H319.4/x139] 在馆    
21 96308   001196128   密集书库/ [索取号:H319.4/x139] 在馆    
22 96309   001196039   密集书库/ [索取号:H319.4/x139] 在馆    
23 96310   001196066   密集书库/ [索取号:H319.4/x139] 在馆    
24 96311   001196020   密集书库/ [索取号:H319.4/x139] 在馆    
25 96312   001195931   密集书库/ [索取号:H319.4/x139] 在馆    
26 96313   000069222   密集书库/ [索取号:H319.4/x139] 在馆    
27 96314   001196075   密集书库/ [索取号:H319.4/x139] 在馆    
28 96315   001196057   第四借阅区/ [索取号:H319.4/x139] 在馆    
29 96316   001196182   密集书库/ [索取号:H319.4/x139] 在馆    
30 96317   3000963177   第四借阅区/ [索取号:H319.4/x139] 在馆    
31 96317   001196119   第二样本阅览室/ [索取号:H319.4/x139] 在馆    
唐山师范学院图书馆 欢迎您!
大连网信软件有限公司© 版权所有